00293nam a2200121Ia 4500008004100000040001600041041001200057082001500069100001700084245002700101260003200128300001100160230917s9999||||xx |||||||||||||| ||und|| e18622aMAIN aEnglish a519.5 Y42A aYeomans, K A 0aApplied statistics, V2 aLondonbPenguin Booksc1968 a387 p.